| 000 | 01102nam2a22002531 4500 | ||
|---|---|---|---|
| 001 | rc\14660 | ||
| 005 | 20250620114558.0 | ||
| 010 |
_a5-7444-0446-5 _9500 |
||
| 035 | _a(NLR Aleph) 005303030 | ||
| 090 |
_a6308544 _c6308544 |
||
| 100 | _a20021204d1993 |||y0rusy50 ca | ||
| 101 | 0 | _arus | |
| 102 | _aRU | ||
| 105 | _aa ||||||||| | ||
| 200 | 0 | _aЧ. 2 | |
| 210 |
_d1993 _aБ. м. |
||
| 215 |
_a75 с. _cил. |
||
| 320 | _aБиблиогр.: с. 73-75 (37 назв.) | ||
| 461 | 0 |
_1001rc\14659 _12001#$aСудоподъемные сооружения и проектирование опорных устройств$eУчеб. пособие$vЧ. 2 _1700#1$aАнтоненко$bС.В.$gСергей Владимирович _96308536 _aАнтоненко, С.В. _cВладивосток _d1993- _nИзд-во Дальневост. ун-та _oУчеб. пособие _tСудоподъемные сооружения и проектирование опорных устройств _vЧ. 2 |
|
| 801 | 0 |
_aRU _bNLR _gpsbo |
|
| 801 | 1 |
_aRU _bELAR _2rusmarc |
|
| 852 |
_aNLR _j93-4/1994 |
||
| 942 | _cBOOK | ||
| 980 | _aNB | ||